LEADER 01750nam 2200493 450 001 9910155053103321 005 20120914083939.0 010 $a1-62081-177-4 035 $a(CKB)3710000000972775 035 $a(MiAaPQ)EBC4775171 035 $a(EXLCZ)993710000000972775 100 $a20170117h20122012 uy 0 101 0 $aeng 135 $aurcnu|||||||| 181 $2rdacontent 182 $2rdamedia 183 $2rdacarrier 200 00$aCopyright restoration and the Supreme Court's Golan v. Holder decision /$fNicholas A. Hernandez and Amy King, editors 210 1$aNew York :$cNovinka,$d2012. 210 4$dİ2012 215 $a1 online resource (80 pages) 225 1 $aLaws and Legislation 225 1 $aCongressional Policies, Practices and Procedures 300 $aIncludes index. 311 $a1-62081-174-X 327 $aCongress's power to restore copyright protection to works that have entered the public domain : Golan v. Holder / Brian T. Yeh -- Supreme Court of the United States [slip opinion, Golan v. Holder]. 410 0$aLaws and legislation series. 410 0$aCongressional policies, practices and procedures series. 606 $aCopyright$xDuration$zUnited States 606 $aPublic domain (Copyright law) 606 $aCopyright, International 615 0$aCopyright$xDuration 615 0$aPublic domain (Copyright law) 615 0$aCopyright, International. 676 $a346.730482 702 $aHernandez$b Nicholas A. 702 $aKing$b Amy 801 0$bMiAaPQ 801 1$bMiAaPQ 801 2$bMiAaPQ 906 $aBOOK 912 $a9910155053103321 996 $aCopyright restoration and the Supreme Court's Golan v. Holder decision$92879067 997 $aUNINA